[Event "GRE-ch (Women) 41st"]
[Site "Thessaloniki"]
[Date "2018.12.20"]
[Round "9"]
[White "Nikolaidou, Eleni"]
[Black "Androni, Konstantina"]
[Result "0-1"]
[WhiteElo "1707"]
[BlackElo "1912"]
[PlyCount "70"]
[EventDate "2018.12.12"]
[EventType "tourn"]
[EventRounds "9"]
[EventCountry "GRE"]
[SourceTitle "CBM 187 Extra"]
[Source "ChessBase"]
[SourceDate "2018.11.04"]
[SourceVersion "1"]
[SourceVersionDate "2018.11.04"]
[SourceQuality "1"]

1. e4 d6 2. Bc4 Nf6 3. d3 g6 4. c3 Bg7 5. Ne2 c6 6. Bb3 e5 7. 0-0 0-0 8. Bg5 h6 9. Bh4 Nbd7 10. Nd2 Nc5 11. Bc2 Qc7 12. Rc1 Bd7 13. b4 Ne6 14. Bb3 Rae8 15. f3 Nh5 16. Bf2 Qd8 17. Nc4 Bc8 18. Bxa7 Nef4 19. Be3 b5 20. Na5 Bd7 21. a4 Qg5 22. Nxf4 exf4 23. Bd4 c5 24. bxc5 dxc5 25. Bxg7 Kxg7 26. axb5 Bxb5 27. Bc4 Bd7 28. Qd2 Re5 29. Bd5 Qh4 30. Qf2 Ng3 31. h3 Rg5 32. Kh2 Nxf1+ 33. Rxf1 Rg3 34. Qxc5 Bxh3 35. Rf2 Bxg2+ 0-1

[Event "GRE-ch (Women) 41st"]
[Site "Thessaloniki"]
[Date "2018.12.17"]
[Round "6"]
[White "Makka, Ioulia"]
[Black "Nikolaidou, Eleni"]
[Result "1-0"]
[WhiteElo "2065"]
[BlackElo "1707"]
[PlyCount "81"]
[EventDate "2018.12.12"]
[EventType "tourn"]
[EventRounds "9"]
[EventCountry "GRE"]
[SourceTitle "CBM 187 Extra"]
[Source "ChessBase"]
[SourceDate "2018.11.04"]
[SourceVersion "1"]
[SourceVersionDate "2018.11.04"]
[SourceQuality "1"]

1. e4 c5 2. c4 Nc6 3. Ne2 d6 4. d4 cxd4 5. Nxd4 Nf6 6. Nc3 e5 7. Nc2 h6 8. Be2 Be7 9. 0-0 0-0 10. b3 Qc7 11. Bb2 Be6 12. Rc1 Rad8 13. Nd5 Qb8 14. Nxe7+ Nxe7 15. Bd3 Ng6 16. Re1 a6 17. Nb4 Nf4 18. Bf1 Rd7 19. Nd3 Nxd3 20. Qxd3 Nh5 21. g3 Qd8 22. Rcd1 Nf6 23. Rd2 Qb6 24. Qe3 Qc6 25. Qe2 Nh7 26. Bg2 Qc5 27. Qe3 Qa5 28. Bc3 Qd8 29. Red1 Nf6 30. h3 Ne8 31. f4 f6 32. c5 dxc5 33. Rxd7 Bxd7 34. Qxc5 Qc8 35. Qxc8 Bxc8 36. Bb4 Rf7 37. Rd8 Bd7 38. Bf3 Kh7 39. f5 Nc7 40. Bh5 Bc6 41. Bg6# 1-0

[Event "Athens Siaperas Memorial 14th"]
[Site "Athens"]
[Date "2018.01.20"]
[Round "2"]
[White "Poulos, Georgios"]
[Black "Nikolaidou, Eleni"]
[Result "1-0"]
[WhiteElo "2058"]
[BlackElo "1734"]
[PlyCount "81"]
[EventDate "2018.01.13"]
[EventType "swiss"]
[EventRounds "7"]
[EventCountry "GRE"]
[SourceTitle "EXT 2019"]
[Source "ChessBase"]
[SourceDate "2018.10.10"]
[SourceVersion "1"]
[SourceVersionDate "2018.10.10"]
[SourceQuality "1"]

1. e4 c6 2. d4 d5 3. Nc3 dxe4 4. Nxe4 Nd7 5. Ng5 Ngf6 6. Bd3 h6 7. Ne6 Qb6 8. Nxf8 Nxf8 9. Nf3 Bg4 10. c3 Ne6 11. h3 Bxf3 12. Qxf3 Qa5 13. 0-0 Qh5 14. Qg3 g5 15. Re1 Rd8 16. Bd2 Qh4 17. Qxh4 gxh4 18. Bc4 Ng5 19. Re5 Rg8 20. Kf1 b5 21. Bb3 a5 22. a4 Nge4 23. Bxh6 b4 24. Bc2 Nd6 25. Bd3 bxc3 26. bxc3 Nd5 27. Bd2 Rb8 28. c4 Nb4 29. Bxb4 axb4 30. c5 Nc8 31. Rb1 Rh8 32. Re3 e6 33. Be4 Kd7 34. Reb3 Ne7 35. Rxb4 Kc7 36. Rxb8 Rxb8 37. Rxb8 Kxb8 38. g3 Kb7 39. gxh4 f5 40. Bd3 Nd5 41. h5 1-0

[Event "GRE-ch (Women) 40th"]
[Site "Thessaloniki"]
[Date "2018.01.04"]
[Round "3"]
[White "Nikolaidou, Eleni"]
[Black "Vozinaki, Anthi Maria"]
[Result "1-0"]
[WhiteElo "1734"]
[BlackElo "1964"]
[PlyCount "83"]
[EventDate "2018.01.02"]
[EventType "tourn"]
[EventRounds "9"]
[EventCountry "GRE"]
[SourceTitle "CBM 182 Extra"]
[Source "ChessBase"]
[SourceDate "2018.02.23"]
[SourceVersion "1"]
[SourceVersionDate "2018.02.23"]
[SourceQuality "1"]

1. d4 Nf6 2. Nf3 c5 3. e3 g6 4. b3 Bg7 5. Bb2 0-0 6. Bd3 cxd4 7. exd4 d5 8. 0-0 Nc6 9. Ne5 Qb6 10. Nxc6 bxc6 11. Re1 Re8 12. a4 Ng4 13. Be2 Nh6 14. a5 Qc7 15. Nd2 Nf5 16. Nf3 c5 17. c4 dxc4 18. Bxc4 Bb7 19. Ne5 Nd6 20. Qc2 Rac8 21. a6 Ba8 22. Rac1 e6 23. Bd3 f6 24. Ng4 Qc6 25. f3 cxd4 26. Qxc6 Rxc6 27. Rxc6 Bxc6 28. Bxd4 f5 29. Ne5 Bb5 30. Bxb5 Nxb5 31. Bc5 Rc8 32. b4 Nc7 33. Nc6 Re8 34. Bxa7 Kf7 35. Rd1 Kf6 36. Bd4+ e5 37. Nxe5 Nxa6 38. b5 Nc7 39. b6 Ne6 40. Nd7+ Ke7 41. Bxg7 Nxg7 42. b7 1-0

[Event "Nikaia op 22nd"]
[Site "Nikaia"]
[Date "2014.08.31"]
[Round "7"]
[White "Balokas, Dimitrios"]
[Black "Nikolaidou, Eleni"]
[Result "1/2-1/2"]
[WhiteElo "2042"]
[BlackElo "1825"]
[PlyCount "80"]
[EventDate "2014.08.26"]
[EventType "swiss"]
[EventRounds "9"]
[EventCountry "GRE"]
[SourceTitle "CBM 162 Extra"]
[Source "ChessBase"]
[SourceDate "2014.10.17"]
[SourceVersion "1"]
[SourceVersionDate "2014.10.17"]
[SourceQuality "1"]

1. d4 Nf6 2. c4 g6 3. Nc3 Bg7 4. e4 d6 5. Be2 0-0 6. Bg5 h6 7. Be3 Nbd7 8. Qd2 Kh7 9. h3 c6 10. Nf3 Qc7 11. Rd1 a6 12. 0-0 Rg8 13. a4 e5 14. d5 c5 15. Ne1 g5 16. Nd3 Nf8 17. g4 Ng6 18. f3 Nf4 19. h4 Bd7 20. hxg5 hxg5 21. Bxf4 gxf4 22. Kf2 Bh6 23. Rh1 Kg7 24. Rdg1 Bg5 25. Ke1 b5 26. Nf2 b4 27. Ncd1 Bxa4 28. Nh3 Bh4+ 29. Kf1 Bxd1 30. Bxd1 Rh8 31. Nxf4 exf4 32. Qxf4 Nxe4 33. fxe4 Bf6 34. g5 Be5 35. Qf5 Qc8 36. b3 Qxf5+ 37. exf5 Rxh1 38. Rxh1 Bf4 39. Rh5 Re8 40. Bc2 Rh8 1/2-1/2

[Event "Nikaia op 22nd"]
[Site "Nikaia"]
[Date "2014.08.26"]
[Round "1"]
[White "Kapnisis, Spyridon"]
[Black "Nikolaidou, Eleni"]
[Result "1-0"]
[WhiteElo "2458"]
[BlackElo "1825"]
[PlyCount "53"]
[EventDate "2014.08.26"]
[EventType "swiss"]
[EventRounds "9"]
[EventCountry "GRE"]
[SourceTitle "CBM 162 Extra"]
[Source "ChessBase"]
[SourceDate "2014.10.17"]
[SourceVersion "1"]
[SourceVersionDate "2014.10.17"]
[SourceQuality "1"]

1. e4 c6 2. d4 d5 3. f3 e6 4. Nc3 Nf6 5. Bg5 Be7 6. e5 Nfd7 7. Bxe7 Qxe7 8. f4 a6 9. Nf3 c5 10. Qd2 Nc6 11. dxc5 Qxc5 12. Bd3 b5 13. 0-0-0 Nb6 14. Kb1 Bd7 15. Rhe1 g6 16. g4 b4 17. Ne2 a5 18. f5 0-0-0 19. Ng5 Nxe5 20. Qf4 Qc7 21. Ba6+ Kb8 22. fxe6 Bxe6 23. Nxe6 fxe6 24. Nd4 Nbd7 25. Nxe6 Qd6 26. Nxd8 Rxd8 27. Bb5 1-0

[Event "GRE-chT 42nd"]
[Site "Porto Rio"]
[Date "2014.06.29"]
[Round "2.5"]
[White "Makropoulou, Marina"]
[Black "Nikolaidou, Eleni"]
[Result "1/2-1/2"]
[WhiteElo "2217"]
[BlackElo "1816"]
[PlyCount "195"]
[EventDate "2014.06.28"]
[EventType "team-swiss"]
[EventRounds "7"]
[EventCountry "GRE"]
[SourceTitle "CBM 161 Extra"]
[Source "ChessBase"]
[SourceDate "2014.08.29"]
[SourceVersion "1"]
[SourceVersionDate "2014.08.29"]
[SourceQuality "1"]
[WhiteTeam "Kalamata Poseidon"]
[BlackTeam "Aigialeias Interior"]
[WhiteTeamCountry "GRE"]
[BlackTeamCountry "GRE"]

1. e4 c5 2. Nf3 Nc6 3. Bb5 g6 4. c3 Nf6 5. e5 Nd5 6. Qb3 e6 7. d4 cxd4 8. cxd4 Qb6 9. 0-0 Nxd4 10. Nxd4 Qxd4 11. Nc3 Nxc3 12. bxc3 Qc5 13. Rd1 a6 14. Bxd7+ Bxd7 15. Rxd7 Qxe5 16. Qd1 Qb5 17. Rd3 h5 18. Be3 Bg7 19. Rb1 Qc6 20. Rb6 Qc4 21. Rb4 Qc8 22. Bb6 0-0 23. Qb3 a5 24. Rc4 Qb8 25. a4 Qe5 26. g3 Rac8 27. Kg2 Qf5 28. Rd2 Rxc4 29. Qxc4 e5 30. Rd5 Rc8 31. Qd3 Qxd3 32. Rxd3 e4 33. Re3 f5 34. Bxa5 Ra8 35. Bb4 Rxa4 36. Re2 Ra6 37. f3 exf3+ 38. Kxf3 Bf6 39. Re8+ Kf7 40. Rb8 Rb6 41. Rf8+ Kg7 42. Rb8 g5 43. Ke3 Rb5 44. Kd3 Rd5+ 45. Ke3 Rd7 46. Rc8 Kf7 47. Rf8+ Kg6 48. Rg8+ Kh7 49. Rf8 Kg7 50. Rc8 Bd8 51. Bc5 Be7 52. Bd4+ Bf6 53. Bxf6+ Kxf6 54. Rh8 Kg6 55. Rg8+ Rg7 56. Rd8 Re7+ 57. Kf2 h4 58. gxh4 gxh4 59. Rg8+ Kf6 60. Rh8 Kg5 61. Kf3 Rg7 62. c4 b6 63. Rc8 Rg6 64. h3 Rd6 65. Rg8+ Kf6 66. Ke3 Re6+ 67. Kf3 Rc6 68. Rh8 Rxc4 69. Rh6+ Ke5 70. Rxb6 Rc3+ 71. Kg2 Re3 72. Rh6 Re4 73. Rh8 Kf6 74. Kf3 Rb4 75. Rf8+ Kg6 76. Rg8+ Kf7 77. Rh8 Kg7 78. Rh5 Kg6 79. Rh8 Rb3+ 80. Kf4 Rxh3 81. Rg8+ Kf7 82. Ra8 Rh1 83. Ra7+ Kg6 84. Ra6+ Kh5 85. Kxf5 Rf1+ 86. Ke4 h3 87. Ra8 Kh4 88. Rh8+ Kg3 89. Rg8+ Kf2 90. Rh8 Kg2 91. Rg8+ Kh1 92. Ke3 h2 93. Ke2 Rg1 94. Rh8 Rg2+ 95. Kf1 Rg5 96. Kf2 Rg6 97. Ra8 Rf6+ 98. Kg3 1/2-1/2

[Event "GRE-chT 42nd"]
[Site "Porto Rio"]
[Date "2014.06.29"]
[Round "3.5"]
[White "Nikolaidou, Eleni"]
[Black "Mourouti, Marietta"]
[Result "1-0"]
[WhiteElo "1816"]
[BlackElo "1666"]
[PlyCount "51"]
[EventDate "2014.06.28"]
[EventType "team-swiss"]
[EventRounds "7"]
[EventCountry "GRE"]
[SourceTitle "CBM 161 Extra"]
[Source "ChessBase"]
[SourceDate "2014.08.29"]
[SourceVersion "1"]
[SourceVersionDate "2014.08.29"]
[SourceQuality "1"]
[WhiteTeam "Aigialeias Interior"]
[BlackTeam "Pan GA"]
[WhiteTeamCountry "GRE"]
[BlackTeamCountry "GRE"]

1. e4 c5 2. Nf3 d6 3. c3 Nf6 4. Bc4 e6 5. Qe2 Nbd7 6. 0-0 a6 7. d4 b5 8. Bd3 Bb7 9. Bg5 Be7 10. Nbd2 0-0 11. e5 dxe5 12. dxe5 Nd5 13. Bxe7 Qxe7 14. g3 c4 15. Bc2 Nc5 16. h4 h6 17. a4 f5 18. exf6 Rxf6 19. axb5 axb5 20. Rxa8+ Bxa8 21. Ne4 Nxe4 22. Qxe4 Qf8 23. Qh7+ Kf7 24. Ne5+ Ke7 25. Ng6+ Rxg6 26. Qxg6 1-0

[Event "Nikeas Spring op A"]
[Site "Nikea"]
[Date "2013.05.10"]
[Round "5.5"]
[White "Sidiropoulos, Nikolaos"]
[Black "Nikolaidou, Eleni"]
[Result "1-0"]
[WhiteElo "1936"]
[BlackElo "1867"]
[PlyCount "61"]
[EventDate "2013.05.07"]
[EventType "swiss"]
[EventRounds "7"]
[EventCountry "GRE"]
[SourceTitle "EXT 2024"]
[Source "ChessBase"]
[SourceDate "2023.10.10"]
[SourceVersion "1"]
[SourceVersionDate "2023.10.10"]
[SourceQuality "1"]

1. e4 c6 2. c4 d5 3. cxd5 cxd5 4. exd5 Nf6 5. Qa4+ Bd7 6. Qb3 Qc7 7. Nc3 a6 8. Nf3 e6 9. Be2 Bd6 10. dxe6 Bxe6 11. Qa4+ Bd7 12. Qb3 0-0 13. d4 h6 14. 0-0 b5 15. h3 Re8 16. Be3 Bc6 17. d5 Bb7 18. Rac1 Qe7 19. Rfd1 Nbd7 20. Nd4 Nc5 21. Qc2 g6 22. Nc6 Bxc6 23. dxc6 Qe5 24. g3 b4 25. Bf4 Qxf4 26. gxf4 Bxf4 27. Nd5 Nxd5 28. Rxd5 Bxc1 29. Rxc5 Bf4 30. c7 Rec8 31. Qe4 1-0

[Event "Petroupoli ASOP Dias op"]
[Site "Petroupoli"]
[Date "2013.02.06"]
[Round "3.13"]
[White "Nikolaidou, Eleni"]
[Black "Stavropoulos, Konstantinos"]
[Result "0-1"]
[WhiteElo "1883"]
[BlackElo "1638"]
[PlyCount "64"]
[EventDate "2013.01.23"]
[EventType "swiss"]
[EventRounds "7"]
[EventCountry "GRE"]
[SourceTitle "EXT 2024"]
[Source "ChessBase"]
[SourceDate "2023.10.10"]
[SourceVersion "1"]
[SourceVersionDate "2023.10.10"]
[SourceQuality "1"]

1. d4 Nf6 2. Nf3 e6 3. e3 b6 4. Bd3 Bb7 5. 0-0 c5 6. c4 cxd4 7. exd4 d5 8. cxd5 Nxd5 9. Nc3 Be7 10. Re1 0-0 11. h4 Bxh4 12. Nxh4 Qxh4 13. Nxd5 Bxd5 14. Re3 f5 15. Be2 Nc6 16. Rd3 Rad8 17. b3 Be4 18. Rd2 Rf6 19. Bc4 Rh6 20. f3 Bd5 21. Bxd5 Rxd5 22. Bb2 f4 23. Qf1 Rdh5 24. Qa6 Qg3 25. Qc8+ Kf7 26. Qd7+ Ne7 27. Kf1 Rh1+ 28. Ke2 Qxg2+ 29. Kd3 Qxf3+ 30. Kc2 Rxa1 31. Bxa1 Qe4+ 32. Kc3 Qe1 0-1

[Event "Petroupoli op 7th"]
[Site "Petroupoli"]
[Date "2011.11.26"]
[Round "5"]
[White "Nikolaidou, Eleni"]
[Black "Karagiannis, Athanasios"]
[Result "0-1"]
[WhiteElo "1822"]
[BlackElo "2336"]
[PlyCount "55"]
[EventDate "2011.11.12"]
[EventType "swiss"]
[EventRounds "7"]
[EventCountry "GRE"]
[SourceTitle "EXT 2013"]
[Source "ChessBase"]
[SourceDate "2012.11.22"]
[SourceVersion "1"]
[SourceVersionDate "2012.11.22"]
[SourceQuality "1"]

1. e4 g6 2. d4 Bg7 3. Nc3 c5 4. d5 d6 5. Be3 a6 6. a4 Qa5 7. Nge2 Nf6 8. f3 0-0 9. Qd2 b5 10. Nc1 b4 11. Nd1 Qc7 12. a5 e6 13. c3 exd5 14. exd5 Re8 15. Bc4 Nbd7 16. cxb4 cxb4 17. Bb3 Bh6 18. 0-0 Bxe3+ 19. Nxe3 Qa7 20. Re1 Nc5 21. Bc4 Bb7 22. Kh1 Re5 23. Na2 b3 24. Nb4 Rae8 25. Ng4 Nxg4 26. fxg4 Ne4 27. Rxe4 Rxe4 28. h3 0-1

[Event "Petroupoli op 7th"]
[Site "Petroupoli"]
[Date "2011.11.19"]
[Round "3"]
[White "Nikolaidou, Eleni"]
[Black "Fili, Anastasia"]
[Result "1-0"]
[WhiteElo "1822"]
[BlackElo "1702"]
[PlyCount "61"]
[EventDate "2011.11.12"]
[EventType "swiss"]
[EventRounds "7"]
[EventCountry "GRE"]
[SourceTitle "EXT 2013"]
[Source "ChessBase"]
[SourceDate "2012.11.22"]
[SourceVersion "1"]
[SourceVersionDate "2012.11.22"]
[SourceQuality "1"]

1. e4 c5 2. Nf3 e6 3. d4 cxd4 4. Nxd4 Nf6 5. Nc3 a6 6. f3 Nc6 7. Be3 Qc7 8. Qd2 Bb4 9. a3 Be7 10. 0-0-0 b5 11. Nxc6 dxc6 12. Ne2 a5 13. g4 Nd7 14. f4 Nb6 15. Ng3 b4 16. Bxb6 Qxb6 17. a4 Bc5 18. Kb1 0-0 19. Nh5 e5 20. f5 Be3 21. Qe1 Bf2 22. Qd2 Be3 23. Qg2 Rd8 24. Bc4 Ba6 25. Bb3 c5 26. Bd5 Rac8 27. g5 Rxd5 28. Nf6+ gxf6 29. gxf6+ Kf8 30. Qg7+ Ke8 31. Rxd5 1-0

[Event "Heraklion op 7th"]
[Site "Heraklion"]
[Date "2011.08.06"]
[Round "1"]
[White "Stavrianakis, Ioannis"]
[Black "Nikolaidou, Eleni"]
[Result "0-1"]
[WhiteElo "2270"]
[BlackElo "1829"]
[PlyCount "67"]
[EventDate "2011.08.06"]
[EventType "swiss"]
[EventRounds "9"]
[EventCountry "GRE"]
[SourceTitle "CBM 144 Extra"]
[Source "ChessBase"]
[SourceDate "2011.10.28"]
[SourceVersion "1"]
[SourceVersionDate "2011.10.28"]
[SourceQuality "1"]

1. d4 Nf6 2. c4 e6 3. Nc3 d5 4. Nf3 Be7 5. e3 0-0 6. Qc2 a5 7. cxd5 exd5 8. a3 c6 9. Bd3 Re8 10. 0-0 Bg4 11. Ne5 Bh5 12. f4 c5 13. Bb5 cxd4 14. exd4 Qb6 15. Bxe8 Qxd4+ 16. Kh1 Nxe8 17. Qa4 Qxa4 18. Nxa4 Nc6 19. Bd2 Nd6 20. Nb6 Re8 21. Nxd5 Bf8 22. Rae1 Nxe5 23. Rxe5 Rxe5 24. fxe5 Nc4 25. Bc3 a4 26. Re1 Bc5 27. Re4 b5 28. Nc7 Bg6 29. Re1 Ne3 30. Nxb5 Be4 31. Bd4 Bxg2+ 32. Kg1 Nc2 33. Rc1 Bxd4+ 34. Nxd4 0-1

[Event "EU-ch (Women) 9th"]
[Site "Plovdiv"]
[Date "2008.04.27"]
[Round "7"]
[White "Ikonomopoulou, Maria"]
[Black "Nikolaidou, Eleni"]
[Result "1-0"]
[WhiteElo "2050"]
[BlackElo "1817"]
[PlyCount "45"]
[EventDate "2008.04.21"]
[EventType "swiss"]
[EventRounds "11"]
[EventCountry "BUL"]
[SourceTitle "CBM 123 Extra"]
[Source "ChessBase"]
[SourceDate "2008.05.06"]
[SourceVersion "1"]
[SourceVersionDate "2008.05.06"]
[SourceQuality "1"]

1. e4 c5 2. Nf3 Nc6 3. d4 cxd4 4. Nxd4 Nf6 5. Nc3 d6 6. Bc4 e6 7. Be3 Be7 8. 0-0 0-0 9. Qe2 Qc7 10. Rad1 a6 11. a4 b6 12. Nxc6 Qxc6 13. f3 Bb7 14. Bd3 Nd7 15. f4 Nc5 16. Bd4 Qc7 17. f5 Nxd3 18. Rxd3 e5 19. Be3 Rac8 20. Rf3 f6 21. Rh3 d5 22. Qh5 Bc5 23. Qxh7+ 1-0